00481nam a2200169Ia 4500008004100000082001600041100002900057245002700086250000600113260002800119300001000147500002400157650001000181942000700191952009600198999001700294230524s9999 xx 000 0 und d a627.52bSAH aS.R. Sahasrabudhe942045 0aIrrigation Engineering a9 aNew DelhibKatsonc2010 a429p; aQuantity Number: 1 aCivil cBK 00104070aTATCLbTATCLcGENd2023-05-24l0o627.52 SAHp53900r2023-05-24w2023-05-24yBK c56462d56462